Elements of mechanics of materials (Record no. 6596)

000 -LEADER
fixed length control field 00580nam a22002051 4500
001 - CONTROL NUMBER
control field 6129579
003 - CONTROL NUMBER IDENTIFIER
control field BD-DhUET
008 - FIXED-LENGTH DATA ELEMENTS--GENERAL INFORMATION
fixed length control field 730221s1966 njua b 000 0 eng
040 ## - CATALOGING SOURCE
Original cataloging agency DLC
Transcribing agency ODaWU
Modifying agency OCoLC
-- Uk
-- BD-DhUET
050 00 - LIBRARY OF CONGRESS CALL NUMBER
Classification number TA405
Item number .O37 1966
082 ## - DEWEY DECIMAL CLASSIFICATION NUMBER
Classification number 620.11
Item number OLS/1966
100 1# - MAIN ENTRY--PERSONAL NAME
Personal name Olsen, Gerner A.
245 10 - TITLE STATEMENT
Title Elements of mechanics of materials
Statement of responsibility, etc. by Gerner A. Olsen
250 ## - EDITION STATEMENT
Edition statement 2d ed.
260 ## - PUBLICATION, DISTRIBUTION, ETC. (IMPRINT)
Place of publication, distribution, etc. New Jersey
Name of publisher, distributor, etc. Prentice-Hall
Date of publication, distribution, etc. 1966
300 ## - PHYSICAL DESCRIPTION
Extent xxii, 591 p.
Other physical details illus.
Dimensions 24 cm.
504 ## - BIBLIOGRAPHY, ETC. NOTE
Bibliography, etc includes bibliographics
650 #0 - SUBJECT ADDED ENTRY--TOPICAL TERM
Topical term or geographic name as entry element Strength of materials
942 ## - ADDED ENTRY ELEMENTS (KOHA)
Koha item type General Book
Holdings
Piece designation (barcode) Damaged status Date acquired Koha normalized classification for sorting Location (home branch) Lost status Shelving location Koha item type Koha date last borrowed Source of classification or shelving scheme Not for loan Koha full call number Koha date last seen Copy number Sublocation or collection (holding branch) Withdrawn status Koha issues (times borrowed) Price effective from
29221 2014-12-04620_110000000000000_OLS_1966Central Library, BUET Circulation sectionContented Book    620.11 /OLS/19662014-12-0428Central Library, BUET  2014-12-04
29216 2014-12-04620_110000000000000_OLS_1966Central Library, BUET Circulation sectionContented Book 2018-11-20  620.11 /OLS/19662018-12-0423Central Library, BUET 12014-12-04
29206 2014-12-04620_110000000000000_OLS_1966Central Library, BUET Circulation sectionContented Book 2022-08-29  620.11/OLS/19662022-10-0113Central Library, BUET 12014-12-04
19846 2014-12-04620_110000000000000_OLS_1966Central Library, BUET Circulation sectionContented Book    620.11/OLS/19662014-12-044Central Library, BUET  2014-12-04
52406 2014-12-04620_110000000000000_OLS_1966Central Library, BUET Circulation sectionContented Book 2022-06-20  620.11/OLS/19662022-07-231Central Library, BUET 12014-12-04
13917 2015-06-16620_110000000000000_OLS_1966Central Library, BUET Reading sectionReading Item   620.11/OLS/19662015-06-166Central Library, BUET  2015-06-16
29227 2015-06-29620_110000000000000_OLS_1966Central Library, BUET Reading sectionReading Item   620.11/OLS/19662015-06-298Central Library, BUET  2015-06-29